Malayalam English dictionary (Record no. 923282)

MARC details
000 -LEADER
fixed length control field 00538nam a2200217Ia 4500
003 - CONTROL NUMBER IDENTIFIER
control field OSt
005 - DATE AND TIME OF LATEST TRANSACTION
control field 20221002053831.0
008 - FIXED-LENGTH DATA ELEMENTS--GENERAL INFORMATION
fixed length control field mle
037 ## - SOURCE OF ACQUISITION
Terms of availability Reference Collections
040 ## - CATALOGING SOURCE
Original cataloging agency CRL
Transcribing agency CRL
Language of cataloging mle
041 ## - LANGUAGE CODE
Source of code mle
Language code of text/sound track or separate title mle
100 ## - MAIN ENTRY--PERSONAL NAME
Personal name Pillai Madhavan C.
9 (RLIN) 575232
245 #0 - TITLE STATEMENT
Title Malayalam English dictionary
260 ## - PUBLICATION, DISTRIBUTION, ETC.
Date of publication, distribution, etc. 1976
942 ## - ADDED ENTRY ELEMENTS (KOHA)
Classification part P32:4k, 111L6
Koha item type
Source of classification or shelving scheme Colon Classification (CC)
Holdings
Withdrawn status Lost status Damaged status Not for loan Home library Current library Date acquired Total Checkouts Full call number Barcode Date last seen Price effective from Koha item type
        Central Library Central Library 2022-10-02   P32:4k 111L6 CL0601175 2022-10-02 2022-10-02  
Copyright @ Delhi University Library System